| 000 | 00792nam a2200277Ia 4500 | ||
|---|---|---|---|
| 005 | 20250425162659.0 | ||
| 008 | 250425s9999 xx 000 0 und d | ||
| 020 | _a9786077686828 | ||
| 041 | _aspa | ||
| 043 | _asp | ||
| 082 |
_a004.67 _pRUB |
||
| 100 | _aRubio, José Miguel | ||
| 245 | 0 |
_aBuses industriales y de campo _bPrácticas de laboratorio _cJosé Miguel Rubio Calin |
|
| 250 | _aPrimera ed. | ||
| 260 |
_aEspaña, Madrid _bAlfaomega _c2013 |
||
| 300 |
_a278 p. _bIlustrado _c28 cm |
||
| 500 | _aESPOL-TECH | ||
| 500 | _aIncluye tabla de contenido | ||
| 650 | _aBuses industriales | ||
| 650 | _aMantenimiento industrial | ||
| 650 | _aRedes Ethernet | ||
| 650 | _aSistema de control automático | ||
| 902 |
_aMonográfico _cImpreso |
||
| 942 | _c01 | ||
| 010 | _a96315 | ||
| 999 |
_c234217 _d234217 |
||